Movies Quiz

Random Movies or Oscar Quiz

John Williams Oscar Noms Quiz Stats

 Plays Quiz Updated Feb 7, 2020

Support Sporcle.
Go Orange.
Score 0/52 Timer 07:00
1 Play Today
Year Movie % Correct
1977*Star Wars
92%
1980The Empire Strikes Back
65.5%
1975*Jaws
65.1%
1983Return of the Jedi
64.9%
1981Raiders of the Lost Ark
58.1%
1982*E.T.
57.9%
1984Indiana Jones and the Temple of Doom
53.6%
2019The Rise of Skywalker
51.7%
2017The Last Jedi
50.9%
1989Indiana Jones and the Last Crusade
49.8%
2015The Force Awakens
48%
1993*Schindler's List
47.1%
1977Close Encounters of the Third Kind
35.1%
2012Lincoln
32.5%
1998Saving Private Ryan
32%
2011War Horse
30.4%
1978Superman
28.4%
2001Harry Potter and the Sorcerer's Stone
27.8%
1990Home Alone
23.4%
1990Home Alone
23.4%
2011The Adventures of Tintin
21.6%
2005Munich
21.1%
1991Hook
20%
2002Catch Me If You Can
19.7%
2001A.I. Artificial Intelligence
18.5%
2004Harry Potter and the Prisoner of Azkaban
17.9%
Year Movie % Correct
1987Empire of the Sun
16.5%
1997Amistad
15.8%
2013The Book Thief
15.6%
2005Memoirs of a Geisha
13.2%
1971*Fiddler on the Roof
11.1%
1991JFK
9.4%
2000The Patriot
8.1%
1995Sabrina
7.5%
1995Sabrina
7.5%
1989Born on the Fourth of July
7.2%
1974The Towering Inferno
6.9%
1995Nixon
5.8%
1972The Poseidon Adventure
5.6%
1969The Reivers
5.2%
1999Angela's Ashes
4.9%
1987The Witches of Eastwick
4.6%
1967Valley of the Dolls
4.4%
1996Sleepers
4.2%
1984The River
4%
1988The Accidental Tourist
3.9%
1969Goodbye, Mr. Chips
3.6%
1973Cinderella Liberty
3.5%
1973Cinderella Liberty
3.5%
1973Tom Sawyer
3.3%
1972Images
3.1%
1982Yes, Giorgio
3%

From the Vault

Traveling Wilburys Members

by bubblicious

Music 60s
We're still wondering what happened to Traveling Wilburys Volume 2.
Remove Ads.
Support Sporcle.
Get the best of Sporcle when you Go Orange. This ad-free experience offers more features, more stats, and more fun while also helping to support Sporcle. Thank you for becoming a member.

Show Comments

Extras

Top Quizzes Today


Score Distribution

Your Account Isn't Verified!

In order to create a playlist on Sporcle, you need to verify the email address you used during registration. Go to your Sporcle Settings to finish the process.

Report this User

Report this user for behavior that violates our Community Guidelines.

Details: